000 00563nam a22001937a 4500
999 _c15383
_d15383
003 AR-CdUCM
008 190425b ||||| |||| 00| 0 spa d
020 _a978-84-9825-958-2
040 _aMUNICIPALIDAD PROVINCIAL DEL CUSCO
_cBIBLIOTECA MUNICIPAL DEL CUSCO
082 _aPI / 376.1 /
_bR76
100 _aRolda, Gustavo.
_934437
245 _aSi usted volara /
260 _aChina :
_bCombel,
_c2015.
300 _bIlustraciones
_c18 cm.
440 _aPo Up!
_934438
650 _aLiteratura infantil
_9588
942 _2ddc
_cLIBROS
945 _arum
_d2019-04-26